00342nam a2200121 a 4500008004100000050001500041100001600056245005200072260003200124300002900156350000900185700002600194120416s1966 ||||||||||||||||| || u aQC 173 Wor aMotz, Lloyd14aThe world of the atomcedited by Henry A Boorse aNew YorkbBasic Booksc1966 a2v. [xxvi, 1873p.] : ill a0.00 aBoorse, Henry Abraham